| 000 | 00558cam a2200193 a 4500 | ||
|---|---|---|---|
| 020 | _a9780470695166 (cloth) | ||
| 082 | 0 | 0 | _a621.31042 |
| 100 | 1 | _aPyrhonen, Juha. | |
| 245 | 1 | 0 | _aDesign of rotating electrical machines |
| 260 |
_aChichester, West Sussex, United Kingdom ; _aHoboken, NJ : _bWiley, _cc2008. |
||
| 300 |
_aix, 512 p. : _bill. ; |
||
| 650 | 0 | _aElectric machinery | |
| 650 | 0 | _aElectric generators | |
| 650 | 0 | _aElectric motors | |
| 650 | 0 | _aRotational motion. | |
| 700 | 1 | _aJokinen, Tapani, | |
| 700 | 1 | _aHrabovcova, Valeria. | |
| 942 | _cBK | ||
| 999 |
_c11686 _d11686 |
||